000 004940000a22001690004500
090 _aAR
_b04020
245 1 0 _aCatálogo sonográfico dos cantos e piados dos beija-flores do Brasil, 1.
500 _a<Curso de Bioacústica>
650 1 4 _aBioacústica
_952592
650 1 4 _aAves
_992429
650 1 4 _aEtología
_97606
651 4 _pBrasil
_992749
041 0 _aPortugues
100 1 _aVielliard, Jacques M.
_997847
942 _cARTICULO
773 1 _tBoletim do Museu de Biologia
_h58
_q1-20
_d1983
999 _c13053
_d13053